Le Sserafim - Chansons par emojis #1 - Statistiques

Statistiques générales
  • Ce quiz a été pris 5 fois
  • Le résultat moyen est 5 sur 10
Statistiques - réponses
Emojis Chansons % Correct
🤪 CRAZY
100%
🥵 HOT
100%
🦢🎶 Swan Song
75%
💙🔥 Blue Flame
50%
😱😨❌ FEARLESS / FEARNOT (between you, me and the lamppost)
50%
🧠 Smart
50%
🔥🌉🌁 Burn The Bridge
25%
🥳🎉🎊 CELEBRATION
25%
🌍🦪 The World Is My Oyster
25%
⚪️⚪️⚪️(🦪🌍) Pearlies (My oyster is the world)
0%
Aucun quiz correspondant
Distribution des résultats
% des personnes avec chaque résultat
Percentile par nombre de réponses
Votre historique - résultats
Vous n’avez pas pris ce quiz